| 000 | 00357nam a2200145Ia 4500 | ||
|---|---|---|---|
| 005 | 20250319065500.0 | ||
| 008 | 240331s9999 xx 000 0 und d | ||
| 082 |
_bNIK _a894 |
||
| 245 | 0 | _aNikal | |
| 260 |
_aKovai _bUravu Achagam _c1991 |
||
| 300 | _a100 p ., | ||
| 500 | _aSowuth union nigalchigal patriyathu | ||
| 700 |
_aPalanisamy, K. _eedt |
||
| 942 | _cL | ||
| 999 |
_c4091 _d4091 |
||